[Event "Moscow Aeroflot op-A1"]
[Site "Moscow"]
[Date "2008.02.20"]
[Round "8"]
[White "Jussupow, Artur"]
[Black "Bindrich, Falko"]
[Result "1/2-1/2"]
[WhiteElo "2585"]
[BlackElo "2497"]
[Annotator "Bindrich,F"]
[PlyCount "64"]
[EventDate "2008.02.14"]
[EventType "swiss"]
[EventRounds "9"]
[EventCountry "RUS"]
[SourceTitle "CBM 123"]
[Source "ChessBase"]
[SourceDate "2008.04.02"]
[SourceVersion "1"]
[SourceVersionDate "2008.04.02"]
[SourceQuality "1"]

1. d4 d5 2. c4 c6 3. Nc3 Nf6 4. e3 e6 5. Nf3 Nbd7 6. Bd3 Bd6 7. O-O O-O 8. e4
dxc4 9. Bxc4 e5 10. Bg5 Qe7 11. d5 $5 {Slightly surprising. It is hard to find
any advantage for White in this line.} ({more common is} 11. Re1 Rd8 (11...
exd4 12. Nxd4 Ne5 13. Bf1 Bc5 14. Na4 Bg4 15. Qd2 Bb4 16. Nc3 Rad8 17. Be3 c5
18. Nf5 Bxf5 19. Qc2 Bg6 {0-1 Lautier,J-Anand,V/London 1995/CBM 049 ext}) 12.
d5 (12. Qb3 exd4 13. e5 Nxe5 14. Ne4 b5 15. Nxd6 Nxf3+ 16. Qxf3 Qxd6 17. Bxb5
Bd7 $15 {0-1 Lautier,J-Anand,V/Monte Carlo 2000/CBM 076/[Lutz] (72)}) (12. Qe2
h6 13. Bh4 exd4 14. Nxd4 Nb6 15. Nf3 g5 16. Bg3 Bxg3 17. hxg3 Nxc4 18. Qxc4 Be6
19. Qe2 Rd7 20. e5 Ne8 21. Qe3 c5 22. Ne4 Rd5 23. Nc3 Rd7 24. Ne4 Rd5 25. Nc3 {
1/2-1/2 Illescas Cordoba,M-Akopian,V/Linares 1995/CBM 046}) 12... h6 13. Bh4
Nf8 14. dxc6 bxc6 15. Qc2 Bg4 16. Nd2 Ng6 17. Bg3 Nh5 18. Nf1 Nhf4 19. Ne3 Be6
20. Nf5 Qf6 21. Bf1 Bb4 $11 {0-1 Fridman,D-Fressinet,L/Ajaccio 2007/CBM 120
ext (45)}) 11... Nb6 12. Bb3 h6 13. Bh4 (13. Bxf6) 13... Bg4 $6 (13... cxd5 14.
exd5 $1 (14. Nxd5 Nbxd5 15. Bxd5 g5 $1 16. Bg3 (16. Nxg5 Nxd5) 16... Nxd5 17.
exd5 (17. Qxd5 Be6 $15) 17... Bd7 18. Qb3 Rfc8 19. Rfe1 f6 $15) 14... Bf5 15.
Re1 Rac8 16. Nd4 Bh7 17. Qf3 g5 18. Bg3 e4 19. Bxd6 Qxd6 20. Ndb5 Qe5 21. Qg3
Qxg3 22. hxg3 Rcd8 23. Rad1 a6 24. Na3 Kg7 $11) (13... Rd8 14. dxc6 bxc6 15.
Qc2 Bg4 16. Nd2 g5 17. Bg3 Bc5 $11 {0-1 Kiriakov,P-Akopian,V/St Petersburg
1994/CBM 041/[Glatman] (59)}) 14. h3 $5 (14. dxc6 $5 bxc6 15. h3 Bh5 16. Qe2
Rfd8 17. Rac1 Nbd7 $11) 14... Bh5 (14... Bd7 $5 15. dxc6 Bxc6 $11) 15. g4 $5 (
15. dxc6 bxc6 16. Qe2 Rfd8 $11) 15... Bg6 16. Nd2 $5 (16. a3 $5 Rac8 17. Qe2
cxd5 18. Nxd5 Nbxd5 19. Bxd5 Bh7 $1 20. Rad1 g5 $1 21. Bg3 (21. Nxg5 hxg5 22.
Bxg5 Bc5 23. Qf3 Kg7 24. h4 $13) 21... Rfd8 $15) (16. dxc6 bxc6 17. Qe2 Nbd7
$11) 16... Bb4 $1 17. dxc6 bxc6 18. Qf3 Rfd8 19. Bxf6 gxf6 (19... Qxf6 {
would have been not that clever, as Black needs the queen to exploit White's
weaknesses on the dark squares.} 20. Qxf6 gxf6 21. Rfd1 a5 $5 (21... h5 22.
Rac1 hxg4 23. hxg4 Rd7 (23... Kg7) 24. f3 Rad8 $13) 22. a3 Bxc3 23. bxc3 Rd3
24. f3 a4 25. Ba2 Rxc3 26. Rdc1 Rd3 27. Rxc6 Rb8 28. Rb1 Rxd2 29. Bc4 Nd7 30.
Rxb8+ Nxb8 31. Rc8+ Kg7 32. Rxb8 {and Black plays without his bishop.}) 20.
Rad1 Rd4 21. Qe2 Rad8 22. f3 $5 {Inviting Black to win a pawn, but at the cost
of his valuable bishop.} h5 (22... Qc5 23. Kg2 Bxc3 24. bxc3 Qxc3 25. Nb1 Qb4
26. Rxd4 exd4 27. Qd2 $1 c5 28. Qxb4 cxb4 29. Rc1 {and again, Black plays
without his bishop.}) 23. Ndb1 Kg7 24. Kg2 hxg4 (24... Nd7 $5 25. Qa6 $1 Nc5
26. Qxc6 Nxb3 (26... Nd3 27. Nd5) 27. axb3 Qe6 $1 28. Qxe6 fxe6 $15 {and the
bishop is freed.}) 25. hxg4 (25. fxg4 Nd7) 25... f5 $5 {Finally, the bishop
escapes.} 26. exf5 Bxf5 27. Rxd4 Rxd4 28. Rh1 (28. gxf5 Qg5+ 29. Kf2 Qh4+ 30.
Kg2 (30. Kg1 $4 Bc5 $1 31. Qxe5+ f6 $19) 30... Qg5+ $11) 28... Bxb1 {Forcing
the draw.} (28... Bg6 29. a3 Bc5 30. Nd2 f5 31. gxf5 Qg5+ 32. Kf1 Qxf5 33. Nce4
$13) 29. Rxb1 Nd5 (29... e4 30. Rd1 $11) 30. Nxd5 cxd5 31. Rd1 Rxd1 32. Qxd1 d4
1/2-1/2

[Event "URS-ch46 First League"]
[Site "Ashkhabad"]
[Date "1978.??.??"]
[Round "5"]
[White "Mikhalchishin, Adrian"]
[Black "Kupreichik, Viktor D"]
[Result "1-0"]
[WhiteElo "2460"]
[BlackElo "2490"]
[Annotator "Bulletin"]
[PlyCount "95"]
[EventDate "1978.10.??"]
[EventType "tourn"]
[EventRounds "17"]
[EventCountry "URS"]
[EventCategory "10"]
[SourceTitle "MCL"]
[Source "ChessBase"]
[SourceDate "1999.07.01"]
[SourceVersion "1"]
[SourceVersionDate "1999.07.01"]
[SourceQuality "1"]

1. d4 d5 2. Nf3 Nf6 3. c4 c6 4. e3 e6 5. Bd3 dxc4 $6 (5... Nbd7) 6. Bxc4 Nbd7
7. O-O Bd6 8. Nc3 O-O 9. e4 e5 10. Be3 $14 b5 (10... exd4 11. Qxd4 $16) 11. Bd3
a6 12. a4 b4 13. Ne2 c5 $2 14. dxe5 Bxe5 (14... Nxe5 15. Nxe5 Bxe5 16. Bxc5)
15. Qc2 Ng4 16. Bf4 Qc7 $6 17. Nxe5 Ngxe5 18. Rac1 Qb6 19. Rfd1 Re8 20. Bxe5
Nxe5 21. Qxc5 Qg6 22. Ng3 h5 23. Nf5 $1 $16 Qg4 24. h3 Qf4 25. Qe3 Nxd3 26.
Rxd3 Qxe3 27. Nxe3 Be6 28. Nd5 Bxd5 29. exd5 Rad8 30. b3 Re5 31. Rc5 Kf8 32.
Rd4 g5 33. g3 Ke7 34. Kg2 Rd6 35. a5 Re2 36. Rc7+ Kf8 37. Rc6 Ke7 38. Rxd6 Kxd6
39. Rxb4 Kxd5 40. Rb7 f5 41. Rb6 Rb2 42. Rxa6 Rxb3 43. Ra8 Rb7 44. Rh8 h4 45.
gxh4 gxh4 46. Rxh4 Kc5 47. Rh5 Rf7 48. Kf3 1-0

[Event "Bugojno"]
[Site "Bugojno"]
[Date "1978.03.09"]
[Round "10"]
[White "Timman, Jan H"]
[Black "Tal, Mihail"]
[Result "1/2-1/2"]
[WhiteElo "2585"]
[BlackElo "2625"]
[Annotator "Bulletin"]
[PlyCount "43"]
[EventDate "1978.02.27"]
[EventType "tourn"]
[EventRounds "15"]
[EventCountry "YUG"]
[EventCategory "14"]
[SourceTitle "MCL"]
[Source "ChessBase"]
[SourceDate "1999.07.01"]
[SourceVersion "1"]
[SourceVersionDate "1999.07.01"]
[SourceQuality "1"]

1. d4 d5 2. c4 e6 3. Nc3 c6 4. e3 Nf6 5. Nf3 Nbd7 6. Bd3 Bb4 7. a3 Ba5 8. O-O
O-O 9. Qc2 Qe7 10. cxd5 (10. Bd2 e5 11. dxe5 Nxe5 12. Nxe5 Qxe5 13. cxd5 cxd5
14. Ne2 Bxd2 15. Qxd2 Ng4 16. Ng3 Qg5 17. Be2 $16 {Donner-Nicolac, Opatija 1953
}) 10... exd5 11. Bd2 {/\Nxd5} Bxc3 (11... Bc7 12. Nb5 $1) 12. Bxc3 Re8 13. Bb4
Qd8 14. Ng5 (14. Bd6 Ne4 15. Bf4 Nf8 $14) 14... g6 (14... h6 $2 15. Bh7+) 15.
h3 $14 Nf8 16. Bxf8 (16. a4 {/\Ba3, b4}) 16... Rxf8 17. b4 Ne8 18. Nf3 Nd6 19.
Rfb1 a6 20. a4 Bd7 21. Qc5 Ne8 {/\..f5} 22. Nd2 1/2-1/2

[Event "Oberliga Bayern 9697"]
[Site "Bayern"]
[Date "1996.??.??"]
[Round "?"]
[White "Gruenberg, Hans Ulrich"]
[Black "Grundherr, Martin"]
[Result "1-0"]
[WhiteElo "2440"]
[BlackElo "2355"]
[Annotator "Bulletin"]
[PlyCount "93"]
[EventDate "1996.10.13"]
[EventType "team-tourn"]
[EventRounds "9"]
[EventCountry "GER"]
[SourceTitle "EXT 1999"]
[Source "ChessBase"]
[SourceDate "1998.11.16"]
[SourceVersion "1"]
[SourceVersionDate "1998.11.16"]
[SourceQuality "1"]
[WhiteTeam "Pasing SC"]
[BlackTeam "Pang/Rosenheim SG"]
[WhiteTeamCountry "GER"]
[BlackTeamCountry "GER"]

1. d4 c6 2. c4 d5 3. Nc3 Nf6 4. e3 e6 5. Nf3 Nbd7 6. Bd3 Bd6 7. O-O O-O 8. e4
dxe4 9. Nxe4 Nxe4 10. Bxe4 e5 11. Qc2 h6 12. Be3 exd4 13. Bh7+ Kh8 14. Bxd4 Nc5
15. Rad1 Qc7 16. Bf5 Ne6 17. Bc3 c5 18. Rfe1 Rd8 19. Qe4 Nf8 20. Rd5 Bxf5 21.
Qxf5 Re8 22. Red1 Re6 23. Ne5 (23. Bxg7+ $1) 23... Bxe5 24. Bxe5 Rae8 25. Bc3
b6 26. g3 Kg8 27. h4 Qc8 28. Kg2 Re4 29. Qxc8 Rxc8 30. b3 Re2 31. R1d2 Rxd2 32.
Rxd2 f6 33. h5 Kf7 34. f4 Re8 35. Kf2 Ne6 36. Kf3 Rd8 37. Ke4 Rxd2 38. Bxd2 Nd4
39. Kd5 Ke7 40. g4 Kd7 41. Ke4 Nc6 42. g5 Ne7 43. gxh6 gxh6 44. f5 Ng8 45. b4
cxb4 46. Bxb4 a5 47. Bf8 1-0

[Event "EU-chT (Men) 10th"]
[Site "Debrecen"]
[Date "1992.11.??"]
[Round "3.2"]
[White "Akopian, Vladimir Eduardovic"]
[Black "Pinter, Jozsef"]
[Result "1/2-1/2"]
[WhiteElo "2605"]
[BlackElo "2580"]
[Annotator "Bulletin"]
[PlyCount "66"]
[EventDate "1992.11.20"]
[EventType "team-swiss"]
[EventRounds "9"]
[EventCountry "HUN"]
[SourceTitle "EU-chT"]
[Source "ChessBase"]
[SourceDate "1999.07.01"]
[SourceVersion "2"]
[SourceVersionDate "1999.07.01"]
[SourceQuality "1"]
[WhiteTeam "Armenia"]
[BlackTeam "Hungary II"]
[WhiteTeamCountry "ARM"]
[BlackTeamCountry "HUN"]

1. d4 Nf6 2. c4 e6 3. Nf3 d5 4. Nc3 c6 5. e3 Nbd7 6. Qc2 Bd6 7. Be2 O-O 8. O-O
dxc4 9. Bxc4 a6 10. Rd1 Qe7 11. a4 c5 12. dxc5 Bxc5 13. b3 b6 14. Ne4 Bb7 15.
Nxc5 Nxc5 16. Bb2 Rfc8 17. Be5 h6 18. Qb2 Rd8 19. Bd4 Rac8 20. Be2 a5 21. b4 (
21. Ne5 $1 {/\ Nc4+/=}) 21... axb4 22. Qxb4 Bxf3 23. Bxf3 e5 24. Bb2 Rxd1+ 25.
Rxd1 Qe8 26. Be2 Qxa4 27. Qxa4 Nxa4 28. Bxe5 Nc3 29. Ba6 Nxd1 30. Bxc8 Ne4 31.
f3 Nec3 32. Ba6 b5 33. Bd4 Ne2+ 1/2-1/2

[Event "ROM-GER Kings"]
[Site "Medias"]
[Date "2015.11.01"]
[Round "3.3"]
[White "Deac, Bogdan Daniel"]
[Black "Buhmann, Rainer"]
[Result "1/2-1/2"]
[WhiteElo "2455"]
[BlackElo "2615"]
[Annotator "Bulmaga,I"]
[PlyCount "108"]
[EventDate "2015.10.30"]
[EventType "schev"]
[EventRounds "5"]
[EventCountry "ROU"]
[SourceTitle "CBM 169"]
[Source "ChessBase"]
[SourceDate "2015.11.10"]
[SourceVersion "1"]
[SourceVersionDate "2015.11.10"]
[SourceQuality "1"]
[WhiteTeam "Romania"]
[BlackTeam "Germany"]
[WhiteTeamCountry "ROU"]
[BlackTeamCountry "GER"]
[TimeControl "40/5400+30:1800+30"]

1. c4 c6 2. Nf3 Nf6 3. Nc3 d5 4. e3 e6 5. b3 Bd6 6. Bb2 O-O 7. d4 (7. Qc2 e5 8.
cxd5 cxd5 9. Nb5 Nc6 10. Nxd6 Qxd6 11. d4 $13) 7... Nbd7 8. Bd3 e5 9. cxd5 cxd5
10. dxe5 Nxe5 11. Be2 Nxf3+ 12. Bxf3 Be5 13. O-O Bf5 {Weiß hat die bessere
Bauernstruktur, aber Schwarz steht aktiver und so sollte sich die Stellung
insgesamt im Gleichgewicht befinden.} 14. Na4 $6 (14. Qe2 $5 Rc8 15. Rac1 Re8 (
15... d4 $2 16. exd4 Bxd4 17. Rcd1 $16) 16. Nb5 $14) 14... Bxb2 15. Nxb2 Be4
16. Be2 Rc8 17. Qd4 Qa5 18. Bd3 Qc3 19. Qxc3 Rxc3 20. Rfd1 g6 21. h3 Kg7 22.
Kf1 Rfc8 23. f3 Bxd3+ 24. Nxd3 {Dieses Endspiel sieht sehr nach Remis aus.
Schwarz hat den isolierten d-Bauern, der natürlich schwach ist, aber dafür
kontrolliert Schwarz die c-Linie und das reicht mindestens zum Ausgleich.} Re8
25. Ke2 d4 26. e4 Nd5 27. Rd2 f5 28. Nf2 {[#]} d3+ $5 29. Nxd3 fxe4 30. fxe4
Rxe4+ 31. Kf2 Rd4 32. Rad1 Nf6 33. Ke2 Nh5 (33... Ne4 34. Ke3 Rb4 35. Kf4 {
Auf diese hübsche Variante wies GM Buhmann in der Analyse der Partie hin.} (
35. Rc2 $14) 35... Rxd3 36. Rxd3 Nc5+ 37. Ke5 Re4+ 38. Kd6 Nxd3 39. Rxd3 Re2
$11) 34. Kf2 Nf6 35. Ke2 Rc7 36. Ne1 Rxd2+ 37. Rxd2 Ne4 38. Rb2 Kf6 39. Ke3 Re7
40. Nf3 Ng5+ 41. Kf2 Rc7 42. Nxg5 Kxg5 43. Re2 Kf4 44. g3+ Kf5 45. h4 h6 46.
Kg2 g5 47. hxg5 hxg5 48. Rf2+ Kg4 49. Rd2 b6 50. Rd4+ Kf5 51. Kh3 Rh7+ 52. Kg2
Rc7 53. Kh3 Rh7+ 54. Kg2 Rc7 1/2-1/2

[Event "World Women-ch k.o."]
[Site "Sochi"]
[Date "2015.04.02"]
[Round "6.1"]
[White "Pogonina, Natalija"]
[Black "Muzychuk, Mariya"]
[Result "1/2-1/2"]
[WhiteElo "2456"]
[BlackElo "2526"]
[Annotator "CB"]
[PlyCount "80"]
[EventDate "2015.03.17"]
[EventType "k.o."]
[EventRounds "6"]
[EventCountry "RUS"]
[SourceTitle "CBM 166"]
[Source "ChessBase"]
[SourceDate "2015.05.11"]
[SourceVersion "1"]
[SourceVersionDate "2015.05.11"]
[SourceQuality "1"]
[TimeControl "40/5400+30:1800+30"]

1. d4 {(0)} d5 {(0)} 2. c4 {(0)} c6 {(0)} 3. Nc3 {(0)} Nf6 {(0)} 4. e3 {(0)} e6
{(16)} 5. Nf3 {(0)} Nbd7 {(11)} 6. Qc2 {(2)} Bd6 {(17)} 7. Bd3 {(8)} O-O {(57)}
8. O-O {(7)} dxc4 {(108)} 9. Bxc4 {(5)} b5 {(7)} 10. Be2 {(10)} a6 {(130)} 11.
Rd1 {(25)} Qc7 {(157)} 12. e4 {(36)} e5 {(67)} 13. dxe5 {(39)} Nxe5 {(9)} 14.
h3 {(14)} Re8 {(339)} 15. Bg5 {(534)} Nxf3+ {(889)} 16. Bxf3 {(55)} Be6 {(44)}
(16... Nd7 17. Rac1 Ne5 18. Be2 Be6 19. Nd5 Bxd5 20. exd5 c5 21. b3 Rac8 22.
Be3 Qb7 23. a4 c4 24. axb5 axb5 25. Qb2 Qe7 26. bxc4 bxc4 27. Qd4 Bc5 28. Qe4
g6 29. Bxc5 Qxc5 30. Qd4 c3 31. d6 Qxd4 32. Rxd4 Nc6 33. Rc4 Rxe2 34. R4xc3 Rd2
35. Rxc6 Rd8 36. g3 R2xd6 37. Rxd6 Rxd6 38. h4 h5 {1/2-1/2 (38) Kunte,A (2476)
-Ter Sahakyan,S (2568) Chennai 2013}) 17. Rac1 {(1134)} Rad8 {(588) Both
players have completed their development, and for all purposes Black has
equalized.} 18. b3 {(210)} Bh2+ {(820)} 19. Kf1 {(530)} Be5 {(997)} 20. Be3 {
(283)} ({The flashy} 20. Nd5 $5 cxd5 21. Qxc7 Bxc7 22. Rxc7 dxe4 23. Rxd8 Rxd8
24. Bxf6 gxf6 25. Bxe4 {doesn't promise a lot.}) 20... h6 {(398)} 21. Ne2 {
(201)} Rxd1+ {(62)} 22. Rxd1 {(48)} Bc8 {(144)} 23. Kg1 {(322)} Bb7 {(112)} 24.
g3 {(846)} Rd8 {(591)} 25. Rxd8+ {(264)} Qxd8 {(2)} 26. Bg2 {(19)} Bc7 $6 {
(49) Not best, and could lead to trouble for Black.} (26... Bd6 27. f4 Bf8 {
would lead to a simple draw in all likelihood.}) 27. Nf4 {(412)} (27. Nd4 $1 {
would have given more chances for Black to slip.} Bb6 (27... Qd7 $6 28. Nf5 {
and now Black has some serious issues on the dark squares. The c5-square is
just begging to be taken over. The c6-pawn is also indirectly under fire once
the bishop is brought in, since after a capture Ne7+ can recapture.}) 28. Nxc6
Bxc6 29. Qxc6 Bxe3 30. fxe3 {and Black has some serious coordination issues to
resolve} Qb8 31. Kf2 a5 32. Qa6 Qd8 33. Qxb5 Qd2+ 34. Qe2 Qc3 $14) 27... Nd7 {
(70)} 28. Nd3 {(32)} Bb6 {(123)} 29. Nc5 {(195)} Bc8 {(19)} 30. Nxd7 {(227)}
Bxd7 {(37)} 31. Bc5 {(184)} Bxc5 {(59)} 32. Qxc5 {(4)} Qa5 {(9)} 33. a3 {(309)}
Be6 {(64)} 34. e5 {(36)} Qe1+ {(193)} 35. Kh2 {(9)} Bxb3 {(13)} 36. Bxc6 {(34)}
Be6 {(24)} 37. Bg2 {(117)} Qe2 {(26)} 38. Qb6 {(87)} Qxe5 {(34)} 39. Qxa6 {(21)
} Qc5 {(19)} 40. Qa8+ {(0)} Kh7 {(0)} 1/2-1/2

[Event "World Women-ch k.o."]
[Site "Sochi"]
[Date "2015.04.04"]
[Round "6.3"]
[White "Pogonina, Natalija"]
[Black "Muzychuk, Mariya"]
[Result "1/2-1/2"]
[WhiteElo "2456"]
[BlackElo "2526"]
[Annotator "CB"]
[PlyCount "133"]
[EventDate "2015.03.17"]
[EventType "k.o."]
[EventRounds "6"]
[EventCountry "RUS"]
[SourceTitle "CBM 166"]
[Source "ChessBase"]
[SourceDate "2015.05.11"]
[SourceVersion "1"]
[SourceVersionDate "2015.05.11"]
[SourceQuality "1"]

1. d4 d5 2. c4 c6 3. Nc3 Nf6 4. e3 e6 5. Nf3 Nbd7 6. Qc2 Bd6 7. Bd3 O-O 8. O-O
dxc4 9. Bxc4 b5 10. Be2 a6 11. Ng5 Qc7 12. e4 Bxh2+ {A novelty, and
surprisingly one that only appeared now, considering the engines like it.} (
12... h6 13. e5 hxg5 14. exd6 Qxd6 15. Bxg5 Qxd4 16. h4 Bb7 17. Rad1 Qc5 18.
Qd2 b4 19. Na4 Qa5 20. b3 c5 21. h5 c4 22. Qe3 Qe5 23. Qxe5 Nxe5 24. Nb6 c3 25.
Nxa8 Rxa8 26. Bxf6 gxf6 27. f4 Nc6 28. Rd7 Na5 29. Rfd1 Kg7 30. Rc7 Bd5 31. Kf2
Rd8 32. Bf3 f5 33. Ke3 Rd6 34. Bxd5 exd5 35. Rc5 Re6+ 36. Kd3 Nc6 37. Rxd5 Kh6
38. Rh1 f6 39. g3 Ne7 40. Rd7 a5 41. Rh2 Re1 42. Kc4 Re6 43. Kb5 Nc6 44. Rd1
Kg7 45. h6+ Kh8 46. h7 {1-0 (46) Nepomniachtchi,I (2714)-Korobov,A (2687)
Jerusalem 2015}) 13. Kh1 c5 14. e5 cxd4 {This is the point. The knight is
pinned, ensuring Black will not walk away down material.} 15. exf6 Nxf6 16. f4
{One thing is clear, Pogonina was not caught off-guard here.} Bg3 17. Qd3 dxc3
18. Qxg3 h6 19. Nh3 Ne4 $6 {Black is the first to deviate from the computer
suggestion. Was her preparation short, or did she forget?} (19... Bb7 {is the
only good move according to Komodo 8.}) 20. Qe1 Bb7 21. Bf3 cxb2 22. Bxb2 Qc2
23. Bxe4 Bxe4 24. Rf2 Qd3 25. Kh2 {White is up a piece, but down three pawns.
Since the pawns are not yet pulling their weight in the position, White can be
said to have the advantage as the pieces should be able to put some pressure.}
Rfd8 26. Rc1 Rac8 27. Rxc8 Rxc8 28. a3 Bd5 29. Rd2 (29. f5 {was needed. Not
only because it creates a bit of unpleasantness but because it frees the f4
square to bring in the knight.}) 29... Qg6 30. Qe5 f6 31. Qe3 Rc4 32. Rf2 Qf5
33. Bc3 Ra4 34. Bd2 $2 {The first real mistake, and one that could have given
White a lot of trouble.} (34. Qc5 {was necessary to not allow the pawns any
breathing room.}) 34... a5 $1 35. Qc5 Qd3 36. Bc1 Qc4 37. Qxc4 Rxc4 38. Bb2 b4
39. axb4 Rxb4 40. Bc3 Rb5 41. Rd2 a4 42. Bb2 Rb3 43. f5 a3 44. Bd4 Rb4 45. Nf4
a2 46. Nxd5 Rxd4 47. Nxf6+ gxf6 48. Rxa2 e5 ({Black wants to avoid} 48... exf5
{since it would almost certainly lead to an easy draw. The rook and f- and
h-pawns against king and rook alone are not hard to defend if you know the
method, and Black is betting White knows it.}) 49. Ra8+ Kf7 50. Ra7+ Ke8 51.
Ra6 Ke7 52. Ra7+ Rd7 53. Ra6 Kf7 54. Kg3 $4 {[#] A terrible blunder that could
have cost the game and match.} Kg7 $2 {Black misses the opportunity} (54... h5
{could have changed everything. Opening the door for the black king.} 55. Kh4
Rd2 56. Ra7+ Kg8 57. Ra6 Kg7 58. Ra7+ Kh6 59. Kh3 Kg5 60. Re7 Kxf5 61. Rh7 Kg5
62. Rg7+ Kf4 {and the black king supporting the passed pawns is enough.}) 55.
Kg4 Re7 56. Ra3 Kh7 57. Ra6 e4 58. Ra2 e3 59. Re2 Rg7+ 60. Kh4 Rg8 61. g4 Re8
62. Kg3 h5 63. gxh5 Kh6 64. Kf4 Re5 65. Rxe3 Rxe3 66. Kxe3 Kxh5 67. Kf4 1/2-1/2

[Event "American Continental 8th"]
[Site "Mar del Plata"]
[Date "2012.10.14"]
[Round "3"]
[White "Cori Tello, Deysi Estella"]
[Black "Granda Zuniga, Julio E"]
[Result "0-1"]
[WhiteElo "2411"]
[BlackElo "2647"]
[Annotator "CB"]
[PlyCount "64"]
[EventDate "2012.10.12"]
[EventType "swiss"]
[EventRounds "11"]
[EventCountry "ARG"]
[SourceTitle "EXT 2013"]
[Source "ChessBase"]
[SourceDate "2012.11.22"]
[SourceVersion "1"]
[SourceVersionDate "2012.11.22"]
[SourceQuality "1"]

{En esta tercera ronda veremos el duelo de dos talentosos jugadores peruanos
de distintas generaciones; El GM Julio Granda, que es el mejor jugador de
sudamerica desde hace mas de veinte anos y la joven WGM Deysi Cori Tello, que
conduce las blancas, dos veces campeona mundial femenina en las categorias sub
16 y sub 20.} 1. d4 d5 2. Nf3 Nf6 3. c4 c6 4. Nc3 e6 5. e3 {Deysi plantea una
variante solida ante la semieslava jugada por Julio, la otra opcion principal
es entrar en los agudos caminos del sistema Botvinnik con:} (5. Bg5 dxc4) 5...
Nbd7 6. Qc2 Bd6 7. Bd3 O-O 8. O-O Qe7 9. c5 $5 {Este movimiento, acompanado
por la jugada e4 es una interesante forma de buscar la ventaja de la apertura.}
Bc7 10. e4 dxe4 11. Nxe4 {Ahora queda una tipica formacion de peones en la
cual las blancas tienen un punto fuerte en d6, mientras las negras lo tienen
en d5. Por supuesto d6 es mas importante por estar bien entrado el campo
enemigo, sin embargo d5 es mas facil de utilizar, ya que el caballo se
trasladara alli inmediatamente, mientras las blancas deben hacer un largo
trabajo para ocupar el punto d6. Es de hacer notar que si en esta posicion se
hubieran cambiado los alfiles de casillas negras, la ventaja blanca seria
clara.} h6 12. Re1 Rd8 ({Lo mas comun es aqui:} 12... Nxe4 {Pero a Julio le
gusta buscar sus propios caminos.}) 13. Ng3 Nd5 14. Qe2 ({Mas natural era:} 14.
Bd2 {Controlando la casilla b4 y completando el desarrollo.}) 14... N7f6 15.
Ne5 $6 {Deysi calcula una combinacion, pero posiblemente evalua mal una de las
ramificaciones. A partir de aqui, las negras tienen alguna ventaja.} Nb4 $1 16.
Bc4 Rxd4 $1 {Sin temor a lo que sigue.} 17. Nf5 $1 Qxc5 $1 {Eludiendo las
tablas que se producian en caso de capturar el caballo:} (17... exf5 18. Bxf7+
{Ahora el rey negro no puede usar ni h8 ni f8, por Cg6+ ganando la dama.} Kh7
19. Bg6+ Kg8 20. Bf7+) 18. Nxd4 Qxd4 {Las blancas han ganado calidad, pero a
cambio de dos buenos peones y la ventaja, aunque pequena, esta del lado de las
negras.} 19. Nf3 Qd6 20. Be3 $6 {Era necesario controlar el avance del peon e,
una vez que este se pone en marcha las negras coordinan mejor, obtienen mas
espacio y dominan por completo las acciones.} e5 21. Rac1 Nbd5 22. Bxd5 {
No parece muy agradable cambiar este alfil, pero el control de casillas que
realizaban los caballos negro era muy incomodo.} Qxd5 23. Rcd1 Qe6 24. Qc2 Nd5
25. Bc1 Bd7 26. Qb3 Rb8 27. Qc4 Re8 {Todas las piezas negras estan listas para
avanzar sobre campo blanco.} 28. Qh4 e4 $1 29. Nd4 Qg6 30. a3 Re5 $1 31. h3 {
Si ahora las negras juegan Th5, la dama escapa comiendo en e4, entonces:} e3 $1
32. fxe3 Rh5 {No hay defensa, si la dama va a f2, sigue Ag3, luego come en e1
y en h3, ya que el peon de g2 esta clavado.} 0-1